Katedrála sv. Víta na Pražském hradě /

Hlavní autor: Burian, Jiří, 1935-1999
Další autoři: Neubertová, Jana, 1924-, Neubert, Karel, 1926-2003
Jazyk: Čeština
Vydáno: Praha : Odeon, 1980
Vydání: 3. vyd.
Externí odkaz: Digitalizovaný dokument
Fyzický popis: 40, [4] s., [91] s. barev. obr. příl. : il. ; 31 cm
Knihy
Uloženo v:
LEADER 01177nam a22002892a 4500
001 000305126
003 CZ BrMZK
005 20150629123953.0
007 ta
008 980105s1980 xr af f 000 0 cze d
015 |a cnb000141216 
035 |a (OCoLC)1710759 
040 |a ABA001  |b cze  |c ABA001  |d ABA001 
080 9 |a 779:726.6(437.10) 
100 1 |a Burian, Jiří,  |d 1935-1999  |7 jk01020369  |4 aut 
245 1 0 |a Katedrála sv. Víta na Pražském hradě /  |c text Jiří Burian ; fotografie Karel a Jana Neubertovi ; půdorysy a plány Viktor Procházka 
250 |a 3. vyd. 
260 |a Praha :  |b Odeon,  |c 1980 
300 |a 40, [4] s., [91] s. barev. obr. příl. :  |b il. ;  |c 31 cm 
500 |a 25000 výt. 
500 |a Dostupné též v digitální podobě v aplikaci Kramerius 
700 1 |a Neubertová, Jana,  |d 1924-  |7 jx20040720065  |4 pht 
700 1 |a Neubert, Karel,  |d 1926-2003  |7 jk01090018  |4 pht 
856 4 1 |u http://www.digitalniknihovna.cz/mzk/uuid/uuid:2a775350-1ee7-11e5-b642-005056827e51  |y Digitalizovaný dokument  |x NDK 
910 |a BOA001  |b 4-0739.207-80 
990 |a BK 
996 6 |b 2619852290  |c 4-0739.207-80  |l MZK  |r Sklad / do 1 hodiny  |n 4  |w 000305126  |u 000010  |a 1  |e BOA001  |j MZK50  |s P